| 000 | 01194nam a2200289 i 4500 | ||
|---|---|---|---|
| 005 | 20260419170552.0 | ||
| 008 | 260419s2025 my abjogr 000 0bmay d | ||
| 020 |
_a9789674091958 _cRM49.00 _qpaperback |
||
| 040 |
_aPPAK _beng _cPPAK _erda |
||
| 082 | 0 | 4 |
_a929.1 _223 |
| 090 | 0 | 0 |
_a929.1 _bSEJ _dG |
| 245 | 0 | 0 |
_aSejarah & Salasilah Syaikh Jumadil Kubra, Suatu Penelitian Semula : _b(Patriak Ulama, Waliyullah & Raja-Raja Nusantara) / _cHasil Karya: TunSuzana Hj Othman, Tim Naqobah Ansab Aulia Tis ah, Akademi Perantara |
| 264 | 1 |
_aBatu Caves, Selangor : _bCRESCENT NEWS (KL) SDN BHD, _c[2025?] |
|
| 300 |
_a189 pages : _bcolour illustrations, colour maps, colour genealogical tables, colour photographs ; _c28 cm |
||
| 336 |
_atext _2rdacontent |
||
| 337 |
_aunmediated _2rdamedia |
||
| 338 |
_avolume _2rdacarrier |
||
| 504 | _aBibliography: pages 184-187. | ||
| 600 | 0 | 4 | _aSyaikh Jumadil Kubra |
| 650 | 1 | 0 | _aGenealogy |
| 650 | 2 | 0 | _aUlama |
| 650 | 2 | 0 | _aMuslim scholars |
| 700 | 0 |
_aTunSuzana Hj Othman, _d1965- _ecompiler. _eresearcher. |
|
| 710 | 2 |
_aTim Naqobah Ansab Aulia Tis ah, _eresearcher. |
|
| 710 | 2 |
_aAkademi Perantara, _eresearcher. |
|
| 942 |
_2ddc _cB |
||
| 999 |
_c203919 _d203919 |
||